Statistics for Do you know your vampire diaries quiz well enough?(easyish)

Click here to take the quiz!

General Stats

  • This quiz has been taken 74 times
  • The average score is 7 of 15

Answer Stats

HintAnswer% Correct
Who did Elena Gilbert meet first?Damon
98%
Who is Lexi to Stefan?best friend
86%
What year did Katherine turn Stefan and Damon Salvatore?1864
82%
Who started Elena's doppelganger line?Amara
75%
What was the name of Elena's ancestor that looks exactly like her?Katherine
74%
Which character doesn't posses any mystical characteristics or powers, in other words is completely normal?Matt
68%
Who was the witch who cast the spell sealing the vampires in the tomb under the church?Emily Bennett
49%
Who is Elena Gilbert's birth mother?Isobel Flemming
33%
Who says this quote; "I've been in love. It's painful, pointless and overrated"?Damon Salvatore
30%
Who manipulates Caroline?Damon Salvatore
30%
Who was not an original vampire?(not matt)Alaric
26%
Who turned Caroline Forbes over to her father to be tortured?Carol Lockwood
19%
Stefan Salvatore was born in which century?1800
18%
What was the name of the curse that Klaus broke to become a hybrid?Sun and the moon
11%
Klaus has five other siblings whose names we know. What are their names?(in specific order)Rebekah, Kol, Elijah, Finn, Henrik
9%

Score Distribution

Percentile by Number Answered

Percent of People with Each Score

Your Score History

You have not taken this quiz